[Event "Maralsay op"]
[Site "Maralsay"]
[Date "2010.08.23"]
[Round "8"]
[White "Aitbayev, Aslan"]
[Black "Karpova, Lyudmila"]
[Result "1/2-1/2"]
[WhiteElo "2295"]
[BlackElo "2169"]
[PlyCount "115"]
[EventDate "2010.08.17"]
[EventType "swiss"]
[EventRounds "9"]
[EventCountry "KAZ"]
[SourceTitle "EXT 2013"]
[Source "ChessBase"]
[SourceDate "2012.11.22"]
[SourceVersion "1"]
[SourceVersionDate "2012.11.22"]
[SourceQuality "1"]

1. e4 e5 2. Nf3 Nf6 3. Nc3 d6 4. d4 Nbd7 5. Bc4 Be7 6. 0-0 0-0 7. a4 c6 8. Re1 Qc7 9. Nh4 Nb6 10. Ba2 Nxe4 11. Rxe4 d5 12. Rxe5 Bxh4 13. Qd3 Bf6 14. Re1 Bg4 15. Bb3 Rae8 16. Be3 Nc8 17. Ne2 Nd6 18. Bf4 Qd7 19. Ng3 Nf5 20. h3 Nxg3 21. hxg4 Ne4 22. f3 Ng5 23. c3 Ne6 24. Bc2 g6 25. Be5 Bxe5 26. Rxe5 Ng7 27. Kf2 Rxe5 28. dxe5 Qe7 29. f4 f6 30. exf6 Rxf6 31. g3 Ne6 32. Qe3 Qc5 33. Qxc5 Nxc5 34. Re1 Re6 35. Rxe6 Nxe6 36. Ke3 Kf7 37. b4 Kf6 38. a5 h6 39. Bd3 b6 40. c4 g5 41. cxd5 cxd5 42. Bf5 Nd8 43. axb6 axb6 44. Kd4 Nc6+ 45. Kc3 h5 46. Bd7 Nb8 47. Bc8 gxf4 48. gxf4 hxg4 49. Bxg4 b5 50. Bc8 Nc6 51. Bd7 d4+ 52. Kd3 Ne7 53. Bxb5 Nd5 54. Bd7 Nxf4+ 55. Kc4 Ke5 56. Bg4 Nd5 57. Bh5 Nxb4 58. Kxb4 1/2-1/2

[Event "Maralsay op"]
[Site "Maralsay"]
[Date "2010.08.21"]
[Round "6"]
[White "Karpova, Lyudmila"]
[Black "Stativkin, Dmitriy"]
[Result "1-0"]
[WhiteElo "2169"]
[BlackElo "2230"]
[PlyCount "73"]
[EventDate "2010.08.17"]
[EventType "swiss"]
[EventRounds "9"]
[EventCountry "KAZ"]
[SourceTitle "EXT 2013"]
[Source "ChessBase"]
[SourceDate "2012.11.22"]
[SourceVersion "1"]
[SourceVersionDate "2012.11.22"]
[SourceQuality "1"]

1. e4 c5 2. Nf3 d6 3. c3 Nf6 4. h3 g6 5. Bd3 Bg7 6. Bc2 0-0 7. 0-0 Nc6 8. d4 d5 9. e5 Ne4 10. Re1 f5 11. exf6 exf6 12. dxc5 Nxc5 13. Be3 Ne4 14. Bb3 Be6 15. Nbd2 Bf7 16. Nd4 f5 17. Nxe4 fxe4 18. Qd2 Ne5 19. Bh6 Bxh6 20. Qxh6 Qf6 21. Rf1 Rae8 22. f3 Qg7 23. Qg5 h6 24. Qe3 exf3 25. Nxf3 Nc6 26. Qd2 Rd8 27. Rad1 Be6 28. Rfe1 Rf6 29. Nd4 Bf7 30. Re2 g5 31. Bc2 Nxd4 32. Qxd4 Bh5 33. g4 Bg6 34. Bb3 Kh7 35. Rde1 Rd7 36. Bxd5 h5 37. gxh5 1-0

[Event "Maralsay op"]
[Site "Maralsay"]
[Date "2010.08.21"]
[Round "5"]
[White "Zhunussov, Bibek"]
[Black "Karpova, Lyudmila"]
[Result "1/2-1/2"]
[WhiteElo "2174"]
[BlackElo "2169"]
[PlyCount "71"]
[EventDate "2010.08.17"]
[EventType "swiss"]
[EventRounds "9"]
[EventCountry "KAZ"]
[SourceTitle "EXT 2013"]
[Source "ChessBase"]
[SourceDate "2012.11.22"]
[SourceVersion "1"]
[SourceVersionDate "2012.11.22"]
[SourceQuality "1"]

1. d4 d5 2. c4 e6 3. Nc3 c6 4. Nf3 Nf6 5. Bg5 Be7 6. e3 Nbd7 7. cxd5 Nxd5 8. Bxe7 Qxe7 9. Bd3 Nxc3 10. bxc3 e5 11. Qc2 exd4 12. cxd4 Nf6 13. 0-0 0-0 14. Rab1 h6 15. Rfc1 Be6 16. a4 Rfb8 17. a5 Rc8 18. a6 b6 19. Ne5 Bd7 20. Bc4 Be8 21. Qf5 Rc7 22. Bb3 Rac8 23. Rd1 Nd7 24. f4 Qf6 25. Qe4 Qd6 26. Rbc1 Nf6 27. Qf3 Qa3 28. Bc4 b5 29. Ra1 Qd6 30. Bd3 c5 31. dxc5 Qxc5 32. h3 Nd5 33. Qxd5 Qxd5 34. Bh7+ Kxh7 35. Rxd5 f6 36. Nf3 1/2-1/2

[Event "Moscow op (Women)"]
[Site "Moscow"]
[Date "2009.02.06"]
[Round "7"]
[White "Charochkina, Daria"]
[Black "Karpova, Lyudmila"]
[Result "1-0"]
[WhiteElo "2316"]
[BlackElo "2131"]
[PlyCount "51"]
[EventDate "2009.01.31"]
[EventType "swiss"]
[EventRounds "9"]
[EventCountry "RUS"]
[SourceTitle "EXT 2012"]
[Source "ChessBase"]
[SourceDate "2011.11.24"]
[SourceVersion "1"]
[SourceVersionDate "2011.11.24"]
[SourceQuality "1"]

1. d4 d5 2. c4 e6 3. Nc3 Nf6 4. Nf3 c6 5. Bg5 Be7 6. e3 Nbd7 7. Qc2 0-0 8. 0-0-0 dxc4 9. Bxc4 Nd5 10. h4 Nxc3 11. Qxc3 Nb6 12. Bb3 Nd5 13. Qd3 Nb4 14. Qe4 a5 15. Kb1 a4 16. Bc2 f5 17. Qe5 Bxg5 18. hxg5 g6 19. Rxh7 Kxh7 20. Rh1+ Kg8 21. Qh8+ Kf7 22. Qh7+ Ke8 23. Qxg6+ Kd7 24. Rh7+ Kd6 25. Qg7 Ra5 26. Ne5 1-0

[Event "Moscow op (Women)"]
[Site "Moscow"]
[Date "2009.02.04"]
[Round "5"]
[White "Karpova, Lyudmila"]
[Black "Savina, Anastasia"]
[Result "0-1"]
[WhiteElo "2131"]
[BlackElo "2297"]
[PlyCount "62"]
[EventDate "2009.01.31"]
[EventType "swiss"]
[EventRounds "9"]
[EventCountry "RUS"]
[SourceTitle "EXT 2012"]
[Source "ChessBase"]
[SourceDate "2011.11.24"]
[SourceVersion "1"]
[SourceVersionDate "2011.11.24"]
[SourceQuality "1"]

1. e4 c5 2. Nf3 Nc6 3. Bb5 d6 4. 0-0 Bd7 5. Re1 a6 6. Bxc6 Bxc6 7. d4 cxd4 8. Nxd4 Bd7 9. Nc3 e6 10. Be3 Nf6 11. f3 Be7 12. Qd3 0-0 13. Rad1 Qc7 14. Bf2 Rac8 15. Nb3 b5 16. a3 Rfd8 17. Qe3 Bc6 18. Rd2 Ba8 19. Red1 Nd7 20. Bg3 Nb6 21. Rd3 Nc4 22. Qc1 h6 23. Nd2 Bg5 24. f4 Bf6 25. Nxc4 bxc4 26. Re3 d5 27. e5 d4 28. Re2 dxc3 29. exf6 Qc5+ 30. Kf1 Rxd1+ 31. Qxd1 cxb2 0-1

[Event "Moscow op (Women)"]
[Site "Moscow"]
[Date "2009.01.31"]
[Round "1"]
[White "Karpova, Lyudmila"]
[Black "Chernichenko, Olga"]
[Result "1-0"]
[WhiteElo "2131"]
[BlackElo "1400"]
[PlyCount "85"]
[EventDate "2009.01.31"]
[EventType "swiss"]
[EventRounds "9"]
[EventCountry "RUS"]
[SourceTitle "EXT 2012"]
[Source "ChessBase"]
[SourceDate "2011.11.24"]
[SourceVersion "1"]
[SourceVersionDate "2011.11.24"]
[SourceQuality "1"]

1. e4 e6 2. d3 d5 3. Nd2 Nf6 4. Ngf3 Be7 5. g3 b5 6. Bg2 Bb7 7. e5 Nfd7 8. 0-0 c5 9. Re1 Nc6 10. Nf1 Qc7 11. Bf4 h6 12. h4 b4 13. Ne3 Nb6 14. Ng4 Qd7 15. Qd2 d4 16. Qe2 Nd5 17. Bc1 a5 18. Nd2 a4 19. Nc4 Na5 20. Nxa5 Rxa5 21. Nh2 Qb5 22. Qg4 g6 23. Nf1 b3 24. Bd2 Ra6 25. c4 dxc3 26. bxc3 Nc7 27. axb3 axb3 28. Rxa6 Qxa6 29. Bxb7 Qxb7 30. Rb1 g5 31. Qa4+ Kf8 32. Rxb3 Qf3 33. Rb8+ Kg7 34. Rxh8 Kxh8 35. hxg5 hxg5 36. Qd7 Nd5 37. c4 Nf4 38. Bxf4 gxf4 39. Qxe7 fxg3 40. Qh4+ Kg7 41. Qxg3+ Qxg3+ 42. Nxg3 Kg6 43. Kg2 1-0

[Event "Salekhard (Women)"]
[Site "Salekhard"]
[Date "2008.12.07"]
[Round "9"]
[White "Turova, Irina"]
[Black "Karpova, Lyudmila"]
[Result "1/2-1/2"]
[WhiteElo "2381"]
[BlackElo "2123"]
[PlyCount "20"]
[EventDate "2008.11.29"]
[EventType "tourn"]
[EventRounds "9"]
[EventCountry "RUS"]
[SourceTitle "CBM 127 Extra"]
[Source "ChessBase"]
[SourceDate "2009.01.08"]
[SourceVersion "2"]
[SourceVersionDate "2009.01.28"]
[SourceQuality "1"]

1. e4 e5 2. Nf3 d6 3. d4 exd4 4. Nxd4 Nf6 5. Nc3 Be7 6. Be2 0-0 7. 0-0 Re8 8. Re1 Bf8 9. Bf1 Nbd7 10. Bg5 c6 1/2-1/2

[Event "Salekhard (Women)"]
[Site "Salekhard"]
[Date "2008.12.05"]
[Round "7"]
[White "Semenova, Elena"]
[Black "Karpova, Lyudmila"]
[Result "0-1"]
[WhiteElo "2012"]
[BlackElo "2123"]
[PlyCount "60"]
[EventDate "2008.11.29"]
[EventType "tourn"]
[EventRounds "9"]
[EventCountry "RUS"]
[SourceTitle "CBM 127 Extra"]
[Source "ChessBase"]
[SourceDate "2009.01.08"]
[SourceVersion "2"]
[SourceVersionDate "2009.01.28"]
[SourceQuality "1"]

1. e4 e5 2. Nf3 Nc6 3. Nc3 Nf6 4. d4 exd4 5. Nxd4 Bb4 6. Nxc6 bxc6 7. Bd3 d5 8. exd5 cxd5 9. 0-0 0-0 10. Bg5 c6 11. Qf3 Be7 12. Rfe1 Re8 13. h3 Be6 14. Ne2 h6 15. Bf4 c5 16. Bb5 Rf8 17. Bc6 Rc8 18. Bb7 Rc7 19. Bxc7 Qxc7 20. Ba6 c4 21. Bb5 Qa5 22. Nd4 Bc5 23. b4 Bxb4 24. Reb1 Ne4 25. Bxc4 Nd2 26. Qd1 Nxb1 27. Rxb1 dxc4 28. Nc6 Qb6 29. Nxb4 Rb8 30. Rb2 c3 0-1

[Event "Salekhard (Women)"]
[Site "Salekhard"]
[Date "2008.12.04"]
[Round "6"]
[White "Karpova, Lyudmila"]
[Black "Rassokhina, Ekaterina"]
[Result "0-1"]
[WhiteElo "2123"]
[BlackElo "2106"]
[PlyCount "64"]
[EventDate "2008.11.29"]
[EventType "tourn"]
[EventRounds "9"]
[EventCountry "RUS"]
[SourceTitle "CBM 127 Extra"]
[Source "ChessBase"]
[SourceDate "2009.01.08"]
[SourceVersion "2"]
[SourceVersionDate "2009.01.28"]
[SourceQuality "1"]

1. e4 c5 2. Nf3 e6 3. c3 Nf6 4. e5 Nd5 5. d4 cxd4 6. cxd4 b6 7. Nc3 Nxc3 8. bxc3 Qc7 9. Bd2 d6 10. Bd3 Nd7 11. 0-0 Bb7 12. Re1 dxe5 13. Nxe5 Nxe5 14. Rxe5 Bd6 15. Bb5+ Bc6 16. Qf3 Rc8 17. Bxc6+ Qxc6 18. d5 Qc7 19. Rh5 0-0 20. Qh3 h6 21. Re1 Bf4 22. Bxf4 Qxf4 23. Re3 exd5 24. Rxd5 Rfd8 25. Rd7 Qb4 26. g3 Qb1+ 27. Kg2 Qxa2 28. Ree7 Rxd7 29. Qxd7 Rf8 30. Qxa7 Qd5+ 31. Kg1 Ra8 32. Rd7 Qe4 0-1

[Event "RUS Cup Regions"]
[Site "Belgorod"]
[Date "2008.11.26"]
[Round "7"]
[White "Karpova, Lyudmila"]
[Black "Kareva, Natalia"]
[Result "1-0"]
[WhiteElo "2123"]
[BlackElo "1975"]
[PlyCount "96"]
[EventDate "2008.11.21"]
[EventType "swiss"]
[EventRounds "10"]
[EventCountry "RUS"]
[SourceTitle "EXT 2010"]
[Source "ChessBase"]
[SourceDate "2010.11.25"]
[SourceVersion "1"]
[SourceVersionDate "2010.11.25"]
[SourceQuality "1"]

1. e4 c5 2. Nf3 Nc6 3. c3 Nf6 4. e5 Nd5 5. d4 cxd4 6. Bc4 Nb6 7. Bb3 g6 8. cxd4 Bg7 9. Bf4 Na5 10. Bc2 Nd5 11. Bg3 b6 12. 0-0 0-0 13. Be4 Bb7 14. Nbd2 Rc8 15. Qe2 Re8 16. Rfe1 Bf8 17. Rac1 Rxc1 18. Rxc1 Qa8 19. a3 Rc8 20. Qe1 b5 21. Bd3 a6 22. b4 Nc6 23. Ne4 Nd8 24. Nc5 Bc6 25. Nd2 a5 26. Ra1 Ne6 27. Ndb3 a4 28. Nxe6 dxe6 29. Nc5 Nb6 30. Qf1 Nc4 31. Bf4 Rd8 32. Be3 Bd5 33. Be2 Qc6 34. Rc1 Rb8 35. Bxc4 Bxc4 36. Rxc4 bxc4 37. Qxc4 Bg7 38. Kf1 Kf8 39. Ke2 Ke8 40. f3 Kd8 41. Kd3 Ra8 42. Kc3 Ra7 43. Kd3 Ra8 44. Bd2 Ra7 45. b5 Qc7 46. Qb4 Bxe5 47. dxe5 Qxe5 48. Qd4+ Qxd4+ 1-0

[Event "RUS Cup Regions"]
[Site "Belgorod"]
[Date "2008.11.25"]
[Round "6"]
[White "Losenkova, Olga"]
[Black "Karpova, Lyudmila"]
[Result "1/2-1/2"]
[WhiteElo "1767"]
[BlackElo "2123"]
[PlyCount "61"]
[EventDate "2008.11.21"]
[EventType "swiss"]
[EventRounds "10"]
[EventCountry "RUS"]
[SourceTitle "EXT 2010"]
[Source "ChessBase"]
[SourceDate "2010.11.25"]
[SourceVersion "1"]
[SourceVersionDate "2010.11.25"]
[SourceQuality "1"]

1. d4 d5 2. c4 e6 3. Nf3 Nf6 4. e3 c6 5. Nbd2 Nbd7 6. b3 Bd6 7. Bb2 0-0 8. Bd3 Qe7 9. Ne5 Ne8 10. 0-0 f5 11. f4 Nef6 12. c5 Bc7 13. Rf3 Ne4 14. Rh3 Ndf6 15. Nxe4 dxe4 16. Be2 Nd5 17. Bh5 Bxe5 18. fxe5 Bd7 19. Bc1 Be8 20. Be2 g5 21. Qe1 Rf7 22. Bc4 Rg7 23. Bxd5 exd5 24. Rh6 Bg6 25. h4 g4 26. Qg3 f4 27. exf4 Rf8 28. f5 Rxf5 29. Bg5 Qf8 30. Bf6 Rf7 31. Qe3 1/2-1/2

[Event "Khanty-Mansiysk Governor Cup-B 4th"]
[Site "Khanty-Mansiysk"]
[Date "2008.10.20"]
[Round "7"]
[White "Karpova, Lyudmila"]
[Black "Medvedev, Anton"]
[Result "1-0"]
[WhiteElo "2123"]
[BlackElo "2093"]
[PlyCount "85"]
[EventDate "2008.10.15"]
[EventType "swiss"]
[EventRounds "11"]
[EventCountry "RUS"]
[SourceTitle "EXT 2022"]
[Source "ChessBase"]
[SourceDate "2021.10.06"]
[SourceVersion "1"]
[SourceVersionDate "2021.10.06"]
[SourceQuality "1"]

1. e4 c5 2. Nf3 e6 3. c3 d5 4. exd5 exd5 5. d4 Nc6 6. Be3 c4 7. b3 cxb3 8. axb3 Bd6 9. Bd3 Nf6 10. 0-0 0-0 11. h3 Ne4 12. Qc2 f5 13. Na3 f4 14. Bd2 Bf5 15. Nb5 Bb8 16. c4 Nxd2 17. Qxd2 Be4 18. Qe2 Re8 19. Rfe1 Nb4 20. Bxe4 dxe4 21. Nc3 e3 22. Rad1 Bc7 23. Nb5 Ba5 24. d5 Na6 25. Rf1 Nc5 26. Nbd4 Ne4 27. Ne6 Qf6 28. fxe3 Nc3 29. Qd3 Nxd1 30. Rxd1 fxe3 31. Qxe3 Bb6 32. c5 Rxe6 33. dxe6 Bc7 34. Qe4 Qc3 35. Qd5 Kh8 36. Ng5 Qe3+ 37. Kh1 Qf4 38. Nf7+ Kg8 39. Nd6 Re8 40. e7+ Kh8 41. Nf7+ Kg8 42. Ne5+ Kh8 43. Qd7 1-0

[Event "Khanty-Mansiysk Governor Cup-B 4th"]
[Site "Khanty-Mansiysk"]
[Date "2008.10.18"]
[Round "5"]
[White "Karpova, Lyudmila"]
[Black "Mamedov, Kamran"]
[Result "1/2-1/2"]
[WhiteElo "2123"]
[BlackElo "2240"]
[PlyCount "38"]
[EventDate "2008.10.15"]
[EventType "swiss"]
[EventRounds "11"]
[EventCountry "RUS"]
[SourceTitle "EXT 2022"]
[Source "ChessBase"]
[SourceDate "2021.10.06"]
[SourceVersion "1"]
[SourceVersionDate "2021.10.06"]
[SourceQuality "1"]

1. e4 d5 2. exd5 Qxd5 3. Nc3 Qd6 4. d4 Nf6 5. Nf3 a6 6. h3 Bf5 7. Be3 Nc6 8. Bc4 Qb4 9. Bb3 e6 10. a3 Qd6 11. Qd2 Be7 12. Nh4 Bg6 13. 0-0-0 Rd8 14. d5 exd5 15. Bf4 Qc5 16. Bxc7 Rd7 17. Na4 Qb5 18. Nc3 Qc5 19. Na4 Qb5 1/2-1/2

[Event "RUS-chT U26"]
[Site "Belgorod"]
[Date "2008.10.11"]
[Round "7"]
[White "Papyan, Artem"]
[Black "Karpova, Lyudmila"]
[Result "0-1"]
[WhiteElo "2040"]
[BlackElo "2123"]
[PlyCount "54"]
[EventDate "2008.10.05"]
[EventType "team"]
[EventRounds "9"]
[EventCountry "RUS"]
[SourceTitle "EXT 2010"]
[Source "ChessBase"]
[SourceDate "2010.11.25"]
[SourceVersion "1"]
[SourceVersionDate "2010.11.25"]
[SourceQuality "1"]

1. e4 e5 2. f4 d5 3. exd5 e4 4. d3 Nf6 5. dxe4 Nxe4 6. Nf3 Bc5 7. Qe2 Qxd5 8. Be3 0-0 9. Bxc5 Nxc5 10. Nc3 Qd6 11. Ne4 Nxe4 12. Qxe4 Nd7 13. Rd1 Nf6 14. Rxd6 Nxe4 15. Rd4 Re8 16. Ne5 Nd6 17. Kd1 f6 18. Bc4+ Kf8 19. Nf3 Nf5 20. Bd3 Nxd4 21. Nxd4 Rd8 22. Nb5 c6 23. Nc3 Bf5 24. Ke2 Bxd3+ 25. cxd3 Rd4 26. Ne4 Re8 27. f5 Re5 0-1

[Event "RUS-chT U26"]
[Site "Belgorod"]
[Date "2008.10.10"]
[Round "6"]
[White "Karpova, Lyudmila"]
[Black "Onoprijchuk, Boris"]
[Result "0-1"]
[WhiteElo "2123"]
[BlackElo "2356"]
[PlyCount "78"]
[EventDate "2008.10.05"]
[EventType "team"]
[EventRounds "9"]
[EventCountry "RUS"]
[SourceTitle "EXT 2010"]
[Source "ChessBase"]
[SourceDate "2010.11.25"]
[SourceVersion "1"]
[SourceVersionDate "2010.11.25"]
[SourceQuality "1"]

1. e4 c5 2. Nf3 e6 3. c3 Nf6 4. e5 Nd5 5. d4 cxd4 6. cxd4 d6 7. a3 Nc6 8. Bd3 Be7 9. 0-0 0-0 10. Qe2 dxe5 11. dxe5 Qc7 12. Nc3 Nxc3 13. bxc3 Bd7 14. Qe4 g6 15. Bh6 Rfd8 16. Rfe1 Be8 17. Rad1 Rd5 18. h4 Bxa3 19. h5 Be7 20. hxg6 hxg6 21. g3 Rad8 22. Kg2 Rc5 23. Qf4 Rxc3 24. Rh1 f5 25. Bg7 g5 26. Nxg5 Bxg5 27. Rh8+ Kxg7 28. Qxg5+ Kxh8 29. Rh1+ Qh7 30. Qf6+ Kg8 31. Rxh7 Kxh7 32. Qh4+ Kg8 33. Qg5+ Kf8 34. Qf6+ Bf7 35. Bxf5 Ke8 36. Qh8+ Kd7 37. Qg7 exf5 38. e6+ Kxe6 39. Qxc3 Kd6 0-1

[Event "Novosibirsk Sukharev Memorial op"]
[Site "Novosibirsk"]
[Date "2008.07.26"]
[Round "?"]
[White "Dergilev, Igor"]
[Black "Karpova, Lyudmila"]
[Result "1/2-1/2"]
[WhiteElo "2239"]
[BlackElo "2163"]
[PlyCount "59"]
[EventDate "2008.07.20"]
[EventType "swiss"]
[EventRounds "9"]
[EventCountry "RUS"]
[SourceTitle "EXT 2022"]
[Source "ChessBase"]
[SourceDate "2021.10.06"]
[SourceVersion "1"]
[SourceVersionDate "2021.10.06"]
[SourceQuality "1"]

1. d4 d5 2. Nf3 Nf6 3. e3 e6 4. Bd3 Nbd7 5. 0-0 Bd6 6. Nbd2 c5 7. c3 0-0 8. Re1 e5 9. e4 dxe4 10. Nxe4 Nxe4 11. Bxe4 exd4 12. cxd4 cxd4 13. Qxd4 Nf6 14. Bg5 Be7 15. Rad1 Qxd4 16. Rxd4 Be6 17. b3 Bc5 18. Bxf6 gxf6 19. Rdd1 Rab8 20. Bd5 Rfe8 21. Bxe6 fxe6 22. Rd7 e5 23. g4 Re7 24. Rxe7 Bxe7 25. g5 Re8 26. h4 Kf7 27. h5 Bd6 28. gxf6 Kxf6 29. Rd1 Rd8 30. Kf1 1/2-1/2

[Event "Novosibirsk Sukharev Memorial op"]
[Site "Novosibirsk"]
[Date "2008.07.25"]
[Round "?"]
[White "Karpova, Lyudmila"]
[Black "Shevchenko, Vitaly"]
[Result "1/2-1/2"]
[WhiteElo "2163"]
[BlackElo "2122"]
[PlyCount "28"]
[EventDate "2008.07.20"]
[EventType "swiss"]
[EventRounds "9"]
[EventCountry "RUS"]
[SourceTitle "EXT 2022"]
[Source "ChessBase"]
[SourceDate "2021.10.06"]
[SourceVersion "1"]
[SourceVersionDate "2021.10.06"]
[SourceQuality "1"]

1. e4 e6 2. d3 d5 3. Nd2 dxe4 4. dxe4 Ne7 5. Ngf3 Ng6 6. Bc4 Nd7 7. 0-0 Be7 8. c3 Nde5 9. Nxe5 Nxe5 10. Bb5+ c6 11. Be2 Nd3 12. Nc4 Nxc1 13. Qxd8+ Kxd8 14. Raxc1 Kc7 1/2-1/2

[Event "Novosibirsk Sukharev Memorial op"]
[Site "Novosibirsk"]
[Date "2008.07.21"]
[Round "?"]
[White "Karpova, Lyudmila"]
[Black "Gankin, Stanislav"]
[Result "0-1"]
[WhiteElo "2163"]
[BlackElo "2269"]
[PlyCount "108"]
[EventDate "2008.07.20"]
[EventType "swiss"]
[EventRounds "9"]
[EventCountry "RUS"]
[SourceTitle "EXT 2022"]
[Source "ChessBase"]
[SourceDate "2021.10.06"]
[SourceVersion "1"]
[SourceVersionDate "2021.10.06"]
[SourceQuality "1"]

1. e4 e6 2. d4 d5 3. e5 c5 4. c3 Nc6 5. Nf3 Bd7 6. Be2 Nge7 7. 0-0 Nf5 8. Bd3 cxd4 9. Bxf5 exf5 10. cxd4 Be7 11. Nc3 Be6 12. Be3 g5 13. Qd3 f4 14. Bd2 Qd7 15. Rac1 Rd8 16. Nb5 h6 17. Rfd1 Bg4 18. Re1 Bxf3 19. Qxf3 0-0 20. Qd3 Kg7 21. Nc3 Nb4 22. Qb1 Rc8 23. a3 Na6 24. Ne2 Rxc1 25. Rxc1 Rc8 26. Qd3 Rxc1+ 27. Bxc1 Nc7 28. Nc3 Ne6 29. b4 a6 30. b5 Nc7 31. bxa6 bxa6 32. Bb2 Qc6 33. Kf1 Nb5 34. Nxb5 Qxb5 35. Qxb5 axb5 36. Ke2 Kg6 37. f3 h5 38. h3 Kf5 39. Bc1 g4 40. hxg4+ hxg4 41. Kf2 f6 42. exf6 Bxf6 43. Bb2 Bh4+ 44. Ke2 Be7 45. Bc1 Bd6 46. Kf2 Be7 47. Ke2 Bf8 48. Kf2 Bd6 49. Ke2 Kg5 50. g3 Kf5 51. gxf4 g3 52. Kf1 Bxf4 53. Bb2 Bd2 54. Ke2 Kf4 0-1

[Event "Khanty-Mansiysk Governor Cup"]
[Site "Khanty-Mansiysk"]
[Date "2007.11.29"]
[Round "8"]
[White "Karpova, Lyudmila"]
[Black "Budnikov, Alexandar"]
[Result "1-0"]
[WhiteElo "2149"]
[BlackElo "2530"]
[PlyCount "73"]
[EventDate "2007.11.21"]
[EventType "swiss"]
[EventRounds "9"]
[EventCountry "RUS"]
[SourceTitle "CBM 121 Extra"]
[Source "ChessBase"]
[SourceDate "2008.01.10"]
[SourceVersion "1"]
[SourceVersionDate "2008.01.10"]
[SourceQuality "1"]

1. e4 e6 2. d4 c5 3. c3 d5 4. e5 Nc6 5. Nf3 Qb6 6. Be2 Bd7 7. 0-0 Rc8 8. a3 a5 9. dxc5 Bxc5 10. b4 axb4 11. axb4 Bf8 12. Na3 Nge7 13. Be3 Qd8 14. Bc5 Ng6 15. Bxf8 Kxf8 16. b5 Ncxe5 17. Nxe5 Nxe5 18. f4 Nc4 19. Nxc4 dxc4 20. Rb1 f6 21. Qd4 Qc7 22. Rb4 Qc5 23. Rxc4 Qxd4+ 24. Rxd4 Ke7 25. c4 Rhd8 26. Bf3 b6 27. Re1 Be8 28. Bd5 Rd6 29. Rde4 Bd7 30. Bxe6 Rxe6 31. Rxe6+ Bxe6 32. f5 Rxc4 33. Rxe6+ Kf7 34. Rxb6 Rf4 35. Rb7+ Kf8 36. b6 Rxf5 37. Rc7 1-0

[Event "Khanty-Mansiysk Governor Cup"]
[Site "Khanty-Mansiysk"]
[Date "2007.11.25"]
[Round "5"]
[White "Gleizerov, Evgeny"]
[Black "Karpova, Lyudmila"]
[Result "1-0"]
[WhiteElo "2552"]
[BlackElo "2149"]
[PlyCount "39"]
[EventDate "2007.11.21"]
[EventType "swiss"]
[EventRounds "9"]
[EventCountry "RUS"]
[SourceTitle "CBM 121 Extra"]
[Source "ChessBase"]
[SourceDate "2008.01.10"]
[SourceVersion "1"]
[SourceVersionDate "2008.01.10"]
[SourceQuality "1"]

1. d4 d5 2. c4 e6 3. Nf3 Nf6 4. g3 Be7 5. Bg2 0-0 6. 0-0 dxc4 7. Nc3 Nc6 8. e3 Rb8 9. Qa4 Nb4 10. Qxa7 Na6 11. Ne5 Nd7 12. Nxc4 c6 13. a4 Qe8 14. e4 f6 15. Be3 b6 16. d5 cxd5 17. exd5 e5 18. d6 Bd8 19. Nd5 Bb7 20. Nc7 1-0

[Event "Khanty-Mansiysk Governor Cup"]
[Site "Khanty-Mansiysk"]
[Date "2007.11.23"]
[Round "3"]
[White "Mirovalov, Tagir"]
[Black "Karpova, Lyudmila"]
[Result "1/2-1/2"]
[WhiteElo "2400"]
[BlackElo "2149"]
[PlyCount "84"]
[EventDate "2007.11.21"]
[EventType "swiss"]
[EventRounds "9"]
[EventCountry "RUS"]
[SourceTitle "CBM 121 Extra"]
[Source "ChessBase"]
[SourceDate "2008.01.10"]
[SourceVersion "1"]
[SourceVersionDate "2008.01.10"]
[SourceQuality "1"]

1. Nf3 d5 2. d4 Nf6 3. c4 e6 4. Nc3 c6 5. Bg5 Be7 6. e3 Nbd7 7. Rc1 0-0 8. Bd3 dxc4 9. Bxc4 Nd5 10. Bxe7 Qxe7 11. 0-0 Nxc3 12. Rxc3 e5 13. dxe5 Nxe5 14. Nxe5 Qxe5 15. f4 Qf6 16. e4 Be6 17. e5 Qd8 18. Qe2 Qd4+ 19. Kh1 Rad8 20. f5 Bxc4 21. Rxc4 Qd3 22. Re4 Rfe8 23. Kg1 Qxe2 24. Rxe2 Rd5 25. Rfe1 f6 26. exf6 Rxe2 27. Rxe2 Rxf5 28. Re7 Rxf6 29. Rxb7 a5 30. Ra7 Rf5 31. h3 h6 32. b3 Kh7 33. Kh2 Kg6 34. Kg3 Kf6 35. Ra6 Rc5 36. Kf4 g5+ 37. Ke4 Ke6 38. g4 Kd6 39. Ra7 Re5+ 40. Kd4 Rd5+ 41. Ke4 Rc5 42. Kd4 Rd5+ 1/2-1/2

[Event "Arctic Cup 3rd"]
[Site "Salekhard"]
[Date "2007.10.09"]
[Round "2"]
[White "Kopylova, Natalia"]
[Black "Karpova, Lyudmila"]
[Result "1/2-1/2"]
[WhiteElo "1842"]
[BlackElo "2149"]
[PlyCount "39"]
[EventDate "2007.10.08"]
[EventType "team"]
[EventRounds "11"]
[EventCountry "RUS"]
[SourceTitle "CBM 120 Extra"]
[Source "ChessBase"]
[SourceDate "2007.11.01"]
[SourceVersion "1"]
[SourceVersionDate "2007.11.01"]
[SourceQuality "1"]

1. e4 e5 2. Nf3 Nf6 3. Nxe5 d6 4. Nf3 Nxe4 5. Qe2 Qe7 6. d3 Nf6 7. Bg5 Qxe2+ 8. Bxe2 Be7 9. Nc3 c6 10. 0-0 Na6 11. Rfe1 h6 12. Bh4 Nc7 13. Ne4 Nxe4 14. Bxe7 Kxe7 15. dxe4 Bd7 16. Rad1 Rad8 17. Nd2 Rhe8 18. Bf3 Be6 19. Nf1 Kf8 20. Ne3 1/2-1/2

[Event "Almaty Seimar op"]
[Site "Almaty"]
[Date "2007.08.24"]
[Round "7"]
[White "Moisseyenko, Ilya"]
[Black "Karpova, Lyudmila"]
[Result "1-0"]
[WhiteElo "2258"]
[BlackElo "2153"]
[PlyCount "59"]
[EventDate "2007.08.18"]
[EventType "swiss"]
[EventRounds "9"]
[EventCountry "KAZ"]
[SourceTitle "EXT 2022"]
[Source "ChessBase"]
[SourceDate "2021.10.06"]
[SourceVersion "1"]
[SourceVersionDate "2021.10.06"]
[SourceQuality "1"]

1. e4 e5 2. Nf3 d6 3. d4 Nf6 4. Nc3 Nbd7 5. Bc4 Be7 6. 0-0 0-0 7. Qe2 c6 8. a4 Qc7 9. Bb3 b6 10. Be3 Bb7 11. Rad1 Rad8 12. Nd2 Rfe8 13. Qc4 Rf8 14. f3 Qc8 15. Qe2 a6 16. Nc4 b5 17. Na5 Ba8 18. d5 cxd5 19. Nxd5 Nxd5 20. Bxd5 Qc7 21. b4 bxa4 22. Qxa6 Bxd5 23. exd5 Nb8 24. Qb5 Qxc2 25. Rc1 Qf5 26. Nc6 Nxc6 27. dxc6 a3 28. Qd5 Rb8 29. b5 Qc8 30. b6 1-0